Irish economic development over three decades of EU membership

Írsko - "keltský hospodársky tiger". Írske hospodárske podmienky v rokoch 1950 -1960. Írske hospodárstvo po vstupe do Európskej únie. Éra keltského tigra. Nová fiškálna stratégia. Štruktúrne a kohézne fondy. Prílev priamych zahraničných investícií.

Na minha lista:
Detalhes bibliográficos
Autor principal: Barry, Frank
Formato: Capítulo de Livro
Idioma:inglês
Assuntos:
Tags: Adicionar Tag
Sem tags, seja o primeiro a adicionar uma tag!

MARC

LEADER 00000naa$a2200000$$$4500
001 0001667
005 20231004102615.8
041 0 |a eng 
044 |a CZ 
245 1 0 |a Irish economic development over three decades of EU membership  |c aut. Frank Barry 
520 |a Írsko - "keltský hospodársky tiger". Írske hospodárske podmienky v rokoch 1950 -1960. Írske hospodárstvo po vstupe do Európskej únie. Éra keltského tigra. Nová fiškálna stratégia. Štruktúrne a kohézne fondy. Prílev priamych zahraničných investícií. 
610 2 0 |a Európska únia 
610 2 0 |a Írsko 
610 2 0 |a vývoj hospodársky 
610 2 0 |a ukazovatele makroekonomické 
610 2 0 |a politika fiškálna 
610 2 0 |a fondy štruktúrne 
610 2 0 |a investície priame zahraničné 
100 1 |a Barry, Frank